|
|
|
|
| LEADER |
00000nab a2200000 ar4500 |
| 001 |
vtls008947074 |
| 003 |
SK-MaSNL |
| 005 |
20260318124227.0 |
| 008 |
070219c2007 xo wr|p|||||||000 b|slo |
| 038 |
|
|
|a KNKJS
|
| 040 |
|
|
|a KNKJS
|b slo
|c KNKJS
|e AACR2
|
| 041 |
0 |
|
|a hun
|
| 044 |
|
|
|a xo
|c SK
|
| 080 |
|
|
|a 75.071.1:061.4
|2 2001
|
| 080 |
|
|
|a 069.6.02(437.6)
|2 1981
|
| 100 |
1 |
|
|a Miskó, Ildikó N.,
|d 1965-
|4 aut
|9 891819
|
| 245 |
1 |
0 |
|a "Umenie miesta" v Limes Galérii
|c N. Miskó Ildikó
|
| 300 |
|
|
|b Fotogr.
|
| 610 |
2 |
7 |
|a Limes Galéria (Komárno, Slovensko)
|2 knkjs
|9 1101268
|
| 610 |
2 |
7 |
|a Mestská galéria (Rimavská Sobota, Slovensko)
|2 knkjs
|9 85915
|
| 648 |
|
7 |
|a 2007
|2 snkbucl
|9 313226
|
| 650 |
0 |
7 |
|a maliarstvo
|2 knkjs
|9 812
|
| 650 |
0 |
7 |
|a Umenie miesta
|2 knkjs
|9 1279482
|
| 651 |
|
7 |
|a Komárno (Slovensko)
|2 knkjs
|9 39168
|
| 651 |
|
7 |
|a Rimavská Sobota (Slovensko)
|2 knkjs
|9 28655
|
| 655 |
|
7 |
|a výstavy
|2 knkjs
|9 306042
|
| 773 |
0 |
|
|t Delta
|g Roč. V, č. 8 (2007), s. 12
|
| 852 |
|
|
|a KNKJS
|b KIS3GCP
|
| 999 |
|
|
|c 2540539
|d 2542469
|